Cuộc chiến công nghệ số Charles Arthur ; Nguyễn Nguyên Khôi (dịch)

Cuộc chiến công nghê số nói về ba công ty đã bị cuốn vào vòng xoáy của sự thay đổi là: Apple, Microsoft và Google. Ba công ty ấy liên tục tranh đấu kịch liệt với nhau rất nhiều lần để tranh giành quyền kiểm soát từng lĩnh vực một của thế...

Descripció completa

Guardat en:
Dades bibliogràfiques
Autor principal: Arthur, Charles
Altres autors: Nguyễn Nguyên Khôi (Dịch)
Format: Llibre
Idioma:Vietnamese
Publicat: H. Dân trí 2019
Matèries:
Etiquetes: Afegir etiqueta
Sense etiquetes, Sigues el primer a etiquetar aquest registre!
Thư viện lưu trữ: Thư viện Trường Đại học Nam Cần Thơ
LEADER 02040nam a22002537a 4500
001 NCT_4_016193
008 250117b xxu||||| |||| 00| 0 vie d
999 |c 8773  |d 8773 
020 |a 9786048879938  |c 135000 
082 0 4 |2 23rd ed.  |a 338.47  |b A788 
100 1 |a Arthur, Charles 
245 1 0 |a Cuộc chiến công nghệ số  |c Apple, Google, Microsoft : Trò chơi vương quyền trên không gian mạng  |b Charles Arthur ; Nguyễn Nguyên Khôi (dịch) 
260 |a H.  |b Dân trí  |c 2019 
300 |a 458 tr.  |c 24cm 
520 3 |a Cuộc chiến công nghê số nói về ba công ty đã bị cuốn vào vòng xoáy của sự thay đổi là: Apple, Microsoft và Google. Ba công ty ấy liên tục tranh đấu kịch liệt với nhau rất nhiều lần để tranh giành quyền kiểm soát từng lĩnh vực một của thế giới kỹ thuật số. Cuốn sách mang đến những hiểu viết về công nghệ cũng như tương lai của chính chúng ta. 
653 |a Truyền thông đa phương tiện 
700 1 |a Nguyễn Nguyên Khôi  |e Dịch 
942 |2 ddc  |c BK 
952 |0 0  |1 0  |2 ddc  |4 0  |6 338_470000000000000_A788  |7 0  |9 30145  |a 000001  |b 000001  |d 2025-01-17  |o 338.47 A788  |p MD.23258  |r 2025-01-17  |v 135000.00  |w 2025-01-17  |y BK 
952 |0 0  |1 0  |2 ddc  |4 0  |6 338_470000000000000_A788  |7 0  |9 30146  |a 000001  |b 000001  |d 2025-01-17  |o 338.47 A788  |p MD.23259  |r 2025-01-17  |v 135000.00  |w 2025-01-17  |y BK 
952 |0 0  |1 0  |2 ddc  |4 0  |6 338_470000000000000_A788  |7 0  |9 30147  |a 000001  |b 000001  |d 2025-01-17  |o 338.47 A788  |p MD.23260  |r 2025-01-17  |v 135000.00  |w 2025-01-17  |y BK 
952 |0 0  |1 0  |2 ddc  |4 0  |6 338_470000000000000_A788  |7 0  |9 30148  |a 000001  |b 000001  |d 2025-01-17  |o 338.47 A788  |p MD.23261  |r 2025-01-17  |v 135000.00  |w 2025-01-17  |y BK 
952 |0 0  |1 0  |2 ddc  |4 0  |6 338_470000000000000_A788  |7 0  |9 30149  |a 000001  |b 000001  |d 2025-01-17  |o 338.47 A788  |p MD.23262  |r 2025-01-17  |v 135000.00  |w 2025-01-17  |y BK 
980 |a Thư viện Trường Đại học Nam Cần Thơ